Statistiques concernant Harry Potter: Les 7 Horcruxes en 15 secondes

Cliquez ici pour prendre le quiz!

Statistiques générales

  • Ce quiz a été pris 4 316 fois
  • Le résultat moyen est 4 sur 7

Statistiques - réponses

Horcruxes% Correct
Nagini
61%
Journal
58%
Coupe
57%
Bague
54%
Harry Potter
51%
Diadème
50%
Médaillon
39%

Distribution des résultats

Percentile par nombre de réponses

% des personnes avec chaque résultat

Votre développement - résultats

Vous n’avez pas pris ce quiz